000 00540nam a2200193Ia 4500
003 OSt
005 20260610100432.0
008 210210b2003 xxu||||| |||| 00| 0 eng d
040 _cAL
041 _aKannada
082 _aK894.2 TARS
100 _aTara Bhat,K
_9152233
_dತಾರಾ ಭಟ್ ಕೆ
245 _aSarvadikari nataka.
_bಸರ್ವಾಧಿಕಾರಿ ನಾಟಕ
260 _aKoteshvara
_b N R E M H Prakashana
_c2003
300 _a58
690 _aKannada Drama
_9152235
906 _a058497
942 _2ddc
_cBK
999 _c105843
_d105843